| 000 | 01010 a2200193 4500 | ||
|---|---|---|---|
| 999 |
_c9008 _d9008 |
||
| 020 | _a9780409120615 | ||
| 050 | 0 | 0 | _aKTL511HEA2015 |
| 100 | 1 |
_aHeaton, Jacqueline, _eauthor. |
|
| 245 | 1 | 0 |
_aCasebook on South African family law = _bVonnisbundel oor die Suid-Afrikaanse familiereg / _cJacqueline Heaton, BLC LLB (Pret) LLM (Unisa), Professor of Private Law, University of South Africa, Professor in Privaatreg, Universiteit van Suid-Afrika; Hanneretha Kruger, BIur LLB (UOFS) LLD (Unisa), Professor of Private Law, University of South Africa, Professor in Privaatreg, Universiteit van Suid-Afrika. |
| 250 | _aFourth edition = Vierde uitgawe. | ||
| 264 | 1 |
_aDurban : _bLexisNexis, _c2015. |
|
| 300 | _axv, 687 pages ; | ||
| 500 | _aincludes index | ||
| 504 | _aIncludes bibliographical references (page 687). | ||
| 650 | 0 | _aDomestic relations | |
| 700 | 1 |
_aKruger, Hanneretha, _eauthor. |
|
| 942 |
_2lcc _cBK _h511 _iHEA _kKTL |
||